[Event "Ilo Regional Sur op"]
[Site "Ilo Moquegua"]
[Date "2012.04.07"]
[Round "5"]
[White "Quispe Alejo, Oscar"]
[Black "Chicalla Zega, Francisco"]
[Result "1/2-1/2"]
[WhiteElo "1990"]
[BlackElo "1857"]
[PlyCount "139"]
[EventDate "2012.04.05"]
[EventType "swiss"]
[EventRounds "7"]
[EventCountry "PER"]
[SourceTitle "EXT 2013"]
[Source "ChessBase"]
[SourceDate "2012.11.22"]
[SourceVersion "1"]
[SourceVersionDate "2012.11.22"]
[SourceQuality "1"]

1. e4 e6 2. d4 d5 3. Nc3 dxe4 4. Nxe4 Nf6 5. Bd3 Nbd7 6. Nf3 Nxe4 7. Bxe4 Nf6 8. Bd3 Be7 9. 0-0 0-0 10. Re1 b6 11. c3 c5 12. Qe2 cxd4 13. Nxd4 Bb7 14. Bc4 Bd5 15. Bf4 Bxc4 16. Qxc4 Qd5 17. Qa6 Bd6 18. Bg3 Bxg3 19. hxg3 Qh5 20. Rad1 e5 21. Nf3 e4 22. Nh2 Qc5 23. Rd4 h5 24. Nf1 Qg5 25. Red1 Rfe8 26. Ne3 g6 27. Rc4 Ng4 28. Re1 Re7 29. Rc8+ Rxc8 30. Qxc8+ Kg7 31. Qd8 Nxe3 32. Rxe3 f5 33. Re1 h4 34. gxh4 Qxh4 35. Rd1 Qg5 36. Rd7 Kf7 37. g3 Qf6 38. Rd6 Qe5 39. Rd7 Qe6 40. Rxe7+ Qxe7 41. Qxe7+ Kxe7 42. Kf1 Ke6 43. Ke2 Ke5 44. Ke3 g5 45. b3 f4+ 46. gxf4+ gxf4+ 47. Ke2 b5 48. Kd2 Kd5 49. Ke2 a5 50. Kd2 Kc6 51. Ke2 Kd7 52. Kd2 Ke6 53. Ke2 Ke7 54. Kd2 Kd6 55. Ke2 Kd5 56. Kd2 a4 57. Ke2 Ke5 58. Kd2 Kf5 59. Ke2 Kf6 60. Kd2 Ke6 61. Ke2 a3 62. Kd2 Ke5 63. Ke2 Kd5 64. Kd2 Kc5 65. Ke2 Kb6 66. Kd2 Kc6 67. Ke2 Kd6 68. Kd2 Ke5 69. Ke2 Kd5 70. Kd2 1/2-1/2

[Event "Ilo Regional Sur op"]
[Site "Ilo Moquegua"]
[Date "2012.04.06"]
[Round "4"]
[White "Zevallos Perez, Antonio M"]
[Black "Quispe Alejo, Oscar"]
[Result "0-1"]
[WhiteElo "1699"]
[BlackElo "1990"]
[PlyCount "40"]
[EventDate "2012.04.05"]
[EventType "swiss"]
[EventRounds "7"]
[EventCountry "PER"]
[SourceTitle "EXT 2013"]
[Source "ChessBase"]
[SourceDate "2012.11.22"]
[SourceVersion "1"]
[SourceVersionDate "2012.11.22"]
[SourceQuality "1"]

1. c4 Nf6 2. g3 e6 3. Nc3 d5 4. cxd5 exd5 5. Nf3 Be7 6. e3 0-0 7. Bg2 Nc6 8. d4 Bf5 9. a3 Re8 10. 0-0 Ne4 11. Qb3 Nxc3 12. bxc3 Na5 13. Qb5 c6 14. Qe2 Nc4 15. Nd2 b5 16. f3 Nxe3 17. Qxe3 Bg5 18. Qxe8+ Qxe8 19. f4 Qe3+ 20. Rf2 Qxc3 0-1